<?xml version="1.0" encoding="UTF-8"?><?xml-stylesheet type="text/xsl" href="static/style.xsl"?><OAI-PMH xmlns="http://www.openarchives.org/OAI/2.0/" xmlns:xsi="http://www.w3.org/2001/XMLSchema-instance" xsi:schemaLocation="http://www.openarchives.org/OAI/2.0/ http://www.openarchives.org/OAI/2.0/OAI-PMH.xsd"><responseDate>2026-04-17T06:45:55Z</responseDate><request verb="GetRecord" identifier="oai:www.recercat.cat:2072/457441" metadataPrefix="marc">https://recercat.cat/oai/request</request><GetRecord><record><header><identifier>oai:recercat.cat:2072/457441</identifier><datestamp>2026-03-13T07:47:29Z</datestamp><setSpec>com_2072_98</setSpec><setSpec>col_2072_378192</setSpec></header><metadata><record xmlns="http://www.loc.gov/MARC21/slim" xmlns:dcterms="http://purl.org/dc/terms/" xmlns:xsi="http://www.w3.org/2001/XMLSchema-instance" xmlns:doc="http://www.lyncode.com/xoai" xsi:schemaLocation="http://www.loc.gov/MARC21/slim http://www.loc.gov/standards/marcxml/schema/MARC21slim.xsd">
   <leader>00925njm 22002777a 4500</leader>
   <datafield ind2=" " ind1=" " tag="042">
      <subfield code="a">dc</subfield>
   </datafield>
   <datafield ind2=" " ind1=" " tag="720">
      <subfield code="a">Díaz Sierra, Ignacio</subfield>
      <subfield code="e">author</subfield>
   </datafield>
   <datafield ind2=" " ind1=" " tag="260">
      <subfield code="c">2018</subfield>
   </datafield>
   <datafield ind2=" " ind1=" " tag="520">
      <subfield code="a">This work was supported by "la Caixa" Banking Foundation (OSLC- CAIXA-2015-01).</subfield>
   </datafield>
   <datafield ind2=" " ind1=" " tag="520">
      <subfield code="a">The border between the Crown of Castile and the Sultanate of Granada lasted for two hundred years, from 1246 until the conquest of the latter in 1492. Due to the scarcity of available written records, very little is known about the Castilian frontier towns and their inhabitants, who guarded the border. It has often been assumed that these guards were professional soldiers exclusively devoted to the defence of Castile. However, the study of unpublished documents from the early sixteenth century indicates that many of them were, in fact, settlers who combined their military duties with other civilian occupations, especially agriculture. This paper analyses the composition of the population of Olvera and Archidona, two Castilian towns on the border with Granada, during the second half of the fifteenth century, and shows the fluid nature of these late medieval settlers, who performed regular military service and spearheaded the colonisation of newly conquered territories while retaining their primary role as farmers.</subfield>
   </datafield>
   <datafield tag="653" ind2=" " ind1=" ">
      <subfield code="a">Frontier towns</subfield>
   </datafield>
   <datafield tag="653" ind2=" " ind1=" ">
      <subfield code="a">Conquest of al-Andalus</subfield>
   </datafield>
   <datafield tag="653" ind2=" " ind1=" ">
      <subfield code="a">Castilian settlers</subfield>
   </datafield>
   <datafield tag="653" ind2=" " ind1=" ">
      <subfield code="a">Sultanate of Granada</subfield>
   </datafield>
   <datafield tag="653" ind2=" " ind1=" ">
      <subfield code="a">Olvera</subfield>
   </datafield>
   <datafield tag="653" ind2=" " ind1=" ">
      <subfield code="a">Archidona</subfield>
   </datafield>
   <datafield ind2="0" ind1="0" tag="245">
      <subfield code="a">Guarding the frontier : Castilian settlers on the border with Granada in the fifteenth century</subfield>
   </datafield>
</record></metadata></record></GetRecord></OAI-PMH>